书目信息 |
| 题名: |
中华人民共和国刑法罪名手册
|
|
| 作者: | 本书编写组 | |
| 分册: | ||
| 出版信息: | 北京 法律出版社 1997.12 |
|
| 页数: | 163页 | |
| 开本: | 32开 | |
| 丛书名: | ||
| 单 册: | ||
| 中图分类: | D924.04 | |
| 科图分类: | ||
| 主题词: | 罪名--手册--中国 | |
| 电子资源: | ||
| ISBN: | 7-5036-2262-8 | |
| 000 | 00511nam0 2200193 45 | |
| 001 | 0006150990 | |
| 005 | 20031219104045.6 | |
| 010 | @a7-5036-2262-8@dCNY6.00 | |
| 100 | @a20000615d1997 km y0chiy0120 ea | |
| 101 | @achi | |
| 105 | @a z 000yy | |
| 200 | 1 | @a中华人民共和国刑法罪名手册@f本书编写组 |
| 210 | @a北京@c法律出版社@d1997.12 | |
| 215 | @a163页@d32开 | |
| 606 | 0 | @a罪名@x手册@y中国 |
| 690 | @aD924.04@v1 | |
| 701 | @a本书编写组 | |
| 801 | @aCN@bTSTC@c20000615 | |
| 905 | @f3@b289229-231@dD924.04@e162 | |
| 中华人民共和国刑法罪名手册/本书编写组.-北京:法律出版社,1997.12 |
| 163页;32开 |
| ISBN 7-5036-2262-8:CNY6.00 |
| ● |
| 相关链接 |
|
|
|
|
正题名:中华人民共和国刑法罪名手册
索取号:D924.04/162
 
预约/预借
| 序号 | 登录号 | 条形码 | 馆藏地/架位号 | 状态 | 备注 |
| 1 | 0289229 | 002892294 | 第一借阅区/ [索取号:D924.04/162] | 在馆 | |
| 2 | 0289230 | 002892301 | 第一借阅区/ [索取号:D924.04/162] | 在馆 | |
| 3 | 0289231 | 002892310 | 第一样本阅览室/ [索取号:D924.04/162] | 在馆 |